| 000 | 01575nam0a2200361 4500 | ||
|---|---|---|---|
| 001 | RU\NLR\BIBL_A\022338944 | ||
| 005 | 20260409073258.0 | ||
| 010 |
_a978-5-93700-285-3 _9100 |
||
| 035 | _a(NLR Aleph) 022338944 | ||
| 090 |
_a13538202 _c13538202 |
||
| 100 | _a20241002d2024 u y0rusy50 ca | ||
| 101 | 1 |
_arus _ceng |
|
| 102 | _aRU | ||
| 105 | _aa z 001yy | ||
| 181 | 0 |
_ai3 _baxxe |
|
| 182 | 0 | _an | |
| 200 | 1 |
_aПрограммирование аналоговых и гибридных компьютеров _fБернд Ульман _gпер. с англ. А. В. Логунова |
|
| 203 |
_aТекст _bвизуальный _cнепосредственный |
||
| 210 |
_aМосква _cДМК Пресс _d2024 |
||
| 215 |
_a301 с. _cил. _d24 |
||
| 300 | _aЗагл. и авт. ориг.: Analog and hybrid computer programming / Bernd Ulmann | ||
| 300 | _aНа 4-й с. обл. авт.: Бернд Ульман - д-р техн. наук, проф., преподаватель | ||
| 320 | _aБиблиогр.: с. 288-295 и в подстроч. примеч. | ||
| 320 | _aПредм. указ.: с. 296-301 | ||
| 454 | 0 |
_12001#$aAnalog and hybrid computer programming$fBernd Ulmann _1700#1$aUlmann$bB.$gBernd _tAnalog and hybrid computer programming _aUlmann, Bernd |
|
| 606 |
_aПрограммирование (компьют.) _3RU\NLR\AUTH\661257252 _92081275 |
||
| 686 | 1 | _aЗ973.2-018 | |
| 700 | 1 |
_aУльман _bБ. _gБернд |
|
| 701 | 1 | _aUlmann | |
| 942 | _cBOOK | ||
| 980 | _aNB | ||